PRODUCTIVITY ENHANCEMENT OF MANUFACTURING ENTERPRISES USING INTEGRATED SLP MODELING APPROACH / (Record no. 525382)

000 -LEADER
fixed length control field 00665nam a22001937a 4500
003 - CONTROL NUMBER IDENTIFIER
control field NUST
005 - DATE AND TIME OF LATEST TRANSACTION
control field 20240122105753.0
038 ## - RECORD CONTENT LICENSOR
Staff Name Mr. Zahoor
082 ## - DEWEY DECIMAL CLASSIFICATION NUMBER
Classification number 670.5
100 ## - MAIN ENTRY--PERSONAL NAME
Personal name Naveed Ashraf, Muhammad
9 (RLIN) 16239
245 ## - TITLE STATEMENT
Title PRODUCTIVITY ENHANCEMENT OF MANUFACTURING ENTERPRISES USING INTEGRATED SLP MODELING APPROACH /
Statement of responsibility, etc. Muhammad Naveed Ashraf
260 ## - PUBLICATION, DISTRIBUTION, ETC.
Place of publication, distribution, etc. Islamabad:
Name of publisher, distributor, etc. SMME - NUST,
Date of publication, distribution, etc. 2015.
300 ## - PHYSICAL DESCRIPTION
Extent vi, 109 p.: ill.;
Other physical details 30cm.
500 ## - GENERAL NOTE
General note Hardcover
650 ## - SUBJECT ADDED ENTRY--TOPICAL TERM
Topical term or geographic name entry element Design and Manufacturing Engineering - MS Thesis
9 (RLIN) 16133
700 ## - ADDED ENTRY--PERSONAL NAME
Personal name Dr. Shahid Ikramullah Butt
9 (RLIN) 16240
856 ## - ELECTRONIC LOCATION AND ACCESS
Uniform Resource Identifier <a href="http://10.250.8.41:8080/xmlui/handle/123456789/10647">http://10.250.8.41:8080/xmlui/handle/123456789/10647</a>
942 ## - ADDED ENTRY ELEMENTS (KOHA)
Source of classification or shelving scheme
Koha item type Thesis
Holdings
Withdrawn status Lost status Source of classification or shelving scheme Damaged status Not for loan Permanent Location Current Location Shelving location Date acquired Full call number Barcode Date last seen Price effective from Koha item type
          Central Library (CL) Central Library (CL) Thesis 07/02/2019 670.5 CL-T-1958 07/03/2019 07/02/2019 Thesis
© 2023 Central Library, National University of Sciences and Technology. All Rights Reserved.